000
00181 a2200097 4500
020
_a
9788426128492
041
_a
spa
100
_a
Cannon, Janell
245
_a
Stelaluna
942
_c
BK
999
_c
29793
_d
29791